Τα συστήματα ολοκληρωμένης διαχείρισης επιχειρηματικών πόρων "ERP" : [πτυχιακή εργασία]

Αποθηκεύτηκε σε:
Λεπτομέρειες βιβλιογραφικής εγγραφής
Κύριος συγγραφέας: Κουγιουμουτζή, Άννα Γ.
Συγγραφή απο Οργανισμό/Αρχή: Πανεπιστήμιο Αιγαίου Σχολή Επιστημών της Διοίκησης Τμήμα Διοίκησης Επιχειρήσεων - Τ.Δ.Ε
Μορφή: Thesis Βιβλίο
Γλώσσα:Greek
Δημοσίευση: 2007
Θέματα:
Διαθέσιμο Online:http://hdl.handle.net/11610/6978
Ετικέτες: Προσθήκη ετικέτας
Δεν υπάρχουν, Καταχωρήστε ετικέτα πρώτοι!

MARC

LEADER 00000cam a2200000 i 4500
001 1/60968
008 071030s2007 gre d
035 |l 10091933 
040 |a GR-MY-UA  |b gre  |e aacr 
041 0 |a gre 
082 0 |a 658.503  |2 (22) 
100 1 |a Κουγιουμουτζή, Άννα Γ. 
245 1 3 |a Τα συστήματα ολοκληρωμένης διαχείρισης επιχειρηματικών πόρων "ERP" :  |b [πτυχιακή εργασία] /  |c Άννα Γ. Κουγιουμουτζή 
260 |c 2007 
300 |a 70 σ.;  |c 30 εκ. 
502 # # |a Πτυχιακή εργασία – Πανεπιστήμιο Αιγαίου, Χίος, 2007. 
504 |a Περιλαμβάνει βιβλιογραφία 
610 2 0 |a Πανεπιστήμιο Αιγαίου. 
650 0 0 |a Manufacturing resource planning. 
650 0 0 |a Management information systems. 
650 0 0 |a Dissertations, Academic  |z Greece. 
710 1 |a Πανεπιστήμιο Αιγαίου  |b Σχολή Επιστημών της Διοίκησης  |b Τμήμα Διοίκησης Επιχειρήσεων - Τ.Δ.Ε. 
852 |a INST  |b CHIOS  |c DIATR  |e 20071030  |h 658.503 ΚΟΥ  |p 005200028626  |q 005200028626  |t DIE  |y 23 
852 |a INST  |b CHIOS  |c DIATR  |e 20071030  |h 658.503 ΚΟΥ  |p 005200028627  |q 005200028627  |t DIE  |y 23 
856 |u http://hdl.handle.net/11610/6978 
901 |a BIBL2-2007-3 
909 |a Χ  |b 131340 
909 |a Χ  |b 131341 
924 |a ΚΟΥΓΙΟΥΜΟΥΤΖΗ  |b ΑΝΝΑ  |y ΧΙΟΣ  |z 2007-10 
970 |a ΒΑΣΙΛΑΚΗ  |b ΝΙΚΗ  |z 2007/10/30